000 00806nam a2200289Ia 4500
001 Para_6491
003 CHAP
008 220125s1999 xx 000 0 und d
010 _a205349
040 _cCHAP
090 _aPA FOLLETO 499
100 _aLeach, L.D.
_9171371
245 _aSeed treatments for field and vegetable crops /
_c by L.D. Leach, B.R. Houston
260 _aCalifornia :
_b University of California
300 _a6 h.
440 _aAgricultural Experiment Station
_9171372
650 _aSemillas
650 _aTratamiento de semillas
_9148654
700 _aHouston, B.R.
_9171373
901 _aPA FOLLETO 499
902 _aA
905 _a00000019-- 0000000000 00
910 _a19--
942 _cPARA
942 _cPARA
_d1
999 _c205349
_d205349